[Event "Team Championship Russia (Blitz, Men)"]
[Site "Sochi"]
[Date "2018.10.10"]
[Round "9.10"]
[White "Lysyj, Igor"]
[Black "Alekseev, Evgeny"]
[Result "1/2-1/2"]
[BlackElo "2629"]
[WhiteElo "2575"]
[LiveChessVersion "1.4.8"]

1. d4 {[%clk 0:03:03]} e6 {[%clk 0:03:03]} 2. c4 {[%clk 0:03:00]} b6
{[%clk 0:03:04]} 3. a3 {[%clk 0:02:57]} Bb7 {[%clk 0:03:04]} 4. Nc3
{[%clk 0:02:57]} f5 {[%clk 0:03:05]} 5. Bf4 {[%clk 0:02:52]} Nf6 {[%clk 0:03:01]}
6. e3 {[%clk 0:02:50]} Be7 {[%clk 0:02:17]} 7. Nh3 {[%clk 0:02:50]} O-O
{[%clk 0:02:17]} 8. Bg3 {[%clk 0:02:50]} Ne4 {[%clk 0:01:44]} 9. Nxe4
{[%clk 0:02:44]} Bxe4 {[%clk 0:01:44]} 10. Nf4 {[%clk 0:02:36]} Bb7
{[%clk 0:01:41]} 11. h4 {[%clk 0:02:12]} c5 {[%clk 0:01:29]} 12. Be2
{[%clk 0:02:06]} cxd4 {[%clk 0:01:28]} 13. exd4 {[%clk 0:02:07]} Bd6
{[%clk 0:01:16]} 14. h5 {[%clk 0:01:54]} Qc7 {[%clk 0:01:03]} 15. Qd2
{[%clk 0:01:51]} Nc6 {[%clk 0:00:56]} 16. O-O {[%clk 0:01:35]} Rae8
{[%clk 0:00:49]} 17. Rac1 {[%clk 0:01:28]} Qb8 {[%clk 0:00:39]} 18. Rfd1
{[%clk 0:01:13]} Ne7 {[%clk 0:00:38]} 19. b4 {[%clk 0:00:57]} Rf7
{[%clk 0:00:40]} 20. c5 {[%clk 0:00:45]} Bc7 {[%clk 0:00:41]} 21. Bc4
{[%clk 0:00:43]} Bxf4 {[%clk 0:00:29]} 22. Bxf4 {[%clk 0:00:40]} Qa8
{[%clk 0:00:30]} 23. Bf1 {[%clk 0:00:38]} Nd5 {[%clk 0:00:28]} 24. Be5
{[%clk 0:00:38]} Nf6 {[%clk 0:00:28]} 25. h6 {[%clk 0:00:37]} g6 {[%clk 0:00:17]}
26. b5 {[%clk 0:00:37]} Bd5 {[%clk 0:00:15]} 27. Qf4 {[%clk 0:00:35]} Ng4
{[%clk 0:00:15]} 28. Bg7 {[%clk 0:00:34]} Nf6 {[%clk 0:00:17]} 29. Bxf6
{[%clk 0:00:23]} Rxf6 {[%clk 0:00:18]} 30. Qe5 {[%clk 0:00:23]} Ref8
{[%clk 0:00:13]} 31. Re1 {[%clk 0:00:15]} g5 32. c6 {[%clk 0:00:14]} dxc6
{[%clk 0:00:13]} 33. bxc6 {[%clk 0:00:15]} Bxc6 {[%clk 0:00:07]} 34. Bc4
{[%clk 0:00:16]} Bd5 {[%clk 0:00:06]} 35. Bxd5 {[%clk 0:00:15]} Qxd5
{[%clk 0:00:08]} 36. Qxd5 {[%clk 0:00:10]} exd5 {[%clk 0:00:09]} 37. Rc7
{[%clk 0:00:10]} R6f7 {[%clk 0:00:05]} 38. Ree7 {[%clk 0:00:07]} 1/2-1/2

[Event "Team Championship Russia (Blitz, Men)"]
[Site "Sochi"]
[Date "2018.10.10"]
[Round "9.11"]
[White "Usmanov, Vasily"]
[Black "Gutenev, Alexander"]
[Result "1-0"]
[BlackElo "2440"]
[WhiteElo "2446"]
[LiveChessVersion "1.4.8"]

1. d4 {[%clk 0:03:03]} Nf6 {[%clk 0:03:04]} 2. c4 {[%clk 0:03:04]} g6
{[%clk 0:03:05]} 3. Nc3 {[%clk 0:03:05]} d5 {[%clk 0:03:06]} 4. Bg5
{[%clk 0:03:05]} Ne4 {[%clk 0:03:08]} 5. Qc1 {[%clk 0:03:06]} Nxc3
{[%clk 0:03:05]} 6. bxc3 {[%clk 0:03:07]} dxc4 {[%clk 0:03:04]} 7. Nf3
{[%clk 0:03:02]} c5 {[%clk 0:03:00]} 8. e4 {[%clk 0:02:56]} Qa5 {[%clk 0:02:52]}
9. Be3 {[%clk 0:02:40]} Bg7 {[%clk 0:02:45]} 10. Bxc4 {[%clk 0:02:34]} cxd4
{[%clk 0:02:44]} 11. Bxd4 {[%clk 0:02:32]} e5 {[%clk 0:02:13]} 12. Be3
{[%clk 0:02:33]} O-O {[%clk 0:02:13]} 13. O-O {[%clk 0:02:32]} Bg4
{[%clk 0:02:11]} 14. Nd2 {[%clk 0:02:33]} Nd7 {[%clk 0:02:01]} 15. Qb2
{[%clk 0:02:33]} Qc7 {[%clk 0:01:59]} 16. f3 {[%clk 0:02:28]} Be6
{[%clk 0:01:38]} 17. Bxe6 fxe6 {[%clk 0:01:40]} 18. Qb3 {[%clk 0:02:30]} Qc6
{[%clk 0:01:41]} 19. Rfb1 {[%clk 0:02:12]} b6 {[%clk 0:01:42]} 20. a4
{[%clk 0:02:13]} Rac8 {[%clk 0:01:38]} 21. c4 {[%clk 0:02:13]} Nc5
{[%clk 0:01:30]} 22. Qb5 {[%clk 0:02:10]} Rfd8 {[%clk 0:01:25]} 23. a5
{[%clk 0:02:06]} Rd3 {[%clk 0:01:23]} 24. axb6 {[%clk 0:01:55]} axb6
{[%clk 0:01:22]} 25. Qxc6 {[%clk 0:01:49]} Rxc6 {[%clk 0:01:23]} 26. Ra8+
{[%clk 0:01:49]} Kf7 {[%clk 0:01:23]} 27. Kf2 {[%clk 0:01:46]} Rcd6
{[%clk 0:01:23]} 28. Ra7+ {[%clk 0:01:21]} Kg8 {[%clk 0:01:24]} 29. Ra8+
{[%clk 0:01:21]} Kf7 {[%clk 0:01:26]} 30. Ra7+ {[%clk 0:01:22]} Kg8
{[%clk 0:01:27]} 31. Ra8+ {[%clk 0:01:08]} Kf7 {[%clk 0:01:28]} 32. Ra7+
{[%clk 0:01:10]} Kg8 {[%clk 0:01:30]} 33. Nf1 {[%clk 0:01:03]} Rc3
{[%clk 0:01:30]} 34. Bxc5 {[%clk 0:01:02]} bxc5 {[%clk 0:01:17]} 35. Rb8+
{[%clk 0:01:03]} Bf8 {[%clk 0:01:18]} 36. Raa8 {[%clk 0:01:04]} Rd1
{[%clk 0:01:12]} 37. Rxf8+ Kg7 38. Rg8+ {[%clk 0:00:57]} Kh6 {[%clk 0:01:14]} 39.
Ke2 {[%clk 0:00:45]} Rcc1 {[%clk 0:01:15]} 40. Ne3 {[%clk 0:00:42]} Re1+
{[%clk 0:01:00]} 41. Kf2 {[%clk 0:00:43]} Rh1 {[%clk 0:00:57]} 42. Kg3
{[%clk 0:00:33]} Rc3 {[%clk 0:00:53]} 43. Ng4+ {[%clk 0:00:33]} Kg5
{[%clk 0:00:55]} 44. Nxe5 {[%clk 0:00:33]} Rg1 {[%clk 0:00:44]} 45. Ra2
{[%clk 0:00:33]} Kf6 {[%clk 0:00:44]} 46. Ng4+ {[%clk 0:00:32]} Kf7
{[%clk 0:00:44]} 47. Rc8 {[%clk 0:00:32]} h5 {[%clk 0:00:44]} 48. Ra7#
{[%clk 0:00:33]} 1-0

[Event "Team Championship Russia (Blitz, Men)"]
[Site "Sochi"]
[Date "2018.10.10"]
[Round "9.12"]
[White "Remizov, Yaroslav"]
[Black "Romanov, Evgeny"]
[Result "0-1"]
[BlackElo "2523"]
[WhiteElo "2227"]
[LiveChessVersion "1.4.8"]

1. e4 {[%clk 0:03:03]} c5 {[%clk 0:03:03]} 2. Nf3 {[%clk 0:03:04]} a6
{[%clk 0:03:05]} 3. c4 {[%clk 0:03:01]} e6 {[%clk 0:03:04]} 4. d4
{[%clk 0:03:02]} cxd4 {[%clk 0:03:04]} 5. Nxd4 {[%clk 0:03:03]} Nf6
{[%clk 0:03:05]} 6. Nc3 {[%clk 0:03:05]} Qc7 {[%clk 0:03:06]} 7. Be2
{[%clk 0:03:03]} Bb4 {[%clk 0:03:07]} 8. Qd3 {[%clk 0:02:55]} d6 {[%clk 0:03:07]}
9. O-O {[%clk 0:02:38]} Bxc3 {[%clk 0:03:03]} 10. bxc3 {[%clk 0:02:36]} Nbd7
{[%clk 0:03:00]} 11. Qg3 {[%clk 0:01:59]} O-O {[%clk 0:03:00]} 12. f3
{[%clk 0:01:43]} Ne5 {[%clk 0:02:53]} 13. Bg5 {[%clk 0:01:36]} Ne8
{[%clk 0:02:42]} 14. Rad1 {[%clk 0:01:30]} f6 {[%clk 0:02:32]} 15. Bf4
{[%clk 0:01:12]} Bd7 {[%clk 0:02:29]} 16. Kh1 {[%clk 0:00:59]} Rd8
{[%clk 0:02:27]} 17. Nb3 {[%clk 0:00:35]} Nxc4 {[%clk 0:02:12]} 18. Bxc4
{[%clk 0:00:30]} Qxc4 {[%clk 0:02:12]} 19. Bxd6 {[%clk 0:00:25]} Nxd6
{[%clk 0:02:02]} 20. Qxd6 {[%clk 0:00:27]} Bb5 {[%clk 0:01:20]} 21. Qb6
{[%clk 0:00:26]} Rxd1 22. Rxd1 Bc6 {[%clk 0:01:08]} 23. Qd4 {[%clk 0:00:25]} Qe2
{[%clk 0:01:08]} 24. Qd3 {[%clk 0:00:23]} Qxa2 {[%clk 0:00:59]} 25. Nd4
{[%clk 0:00:19]} Rd8 {[%clk 0:00:57]} 26. Qb1 {[%clk 0:00:20]} Qxb1
{[%clk 0:00:46]} 27. Rxb1 {[%clk 0:00:22]} e5 {[%clk 0:00:35]} 28. Nxc6
{[%clk 0:00:19]} bxc6 {[%clk 0:00:36]} 29. Kg1 {[%clk 0:00:20]} a5
{[%clk 0:00:35]} 30. Rb6 {[%clk 0:00:13]} Ra8 {[%clk 0:00:29]} 31. Rxc6
{[%clk 0:00:14]} a4 {[%clk 0:00:30]} 32. Rb6 {[%clk 0:00:15]} a3 {[%clk 0:00:31]}
33. Rb1 {[%clk 0:00:13]} Kf7 {[%clk 0:00:32]} 34. Ra1 {[%clk 0:00:10]} Ke6
{[%clk 0:00:33]} 35. Kf1 Kd6 36. Ke2 {[%clk 0:00:12]} Kc5 {[%clk 0:00:35]} 37.
Kd3 {[%clk 0:00:13]} a2 {[%clk 0:00:35]} 38. g3 h5 {[%clk 0:00:34]} 39. f4
{[%clk 0:00:11]} g6 {[%clk 0:00:33]} 40. fxe5 {[%clk 0:00:11]} fxe5
{[%clk 0:00:34]} 41. h3 {[%clk 0:00:10]} g5 {[%clk 0:00:34]} 42. Kc2
{[%clk 0:00:04]} Kc4 {[%clk 0:00:35]} 43. Kb2 {[%clk 0:00:05]} Kd3
{[%clk 0:00:34]} 44. c4 {[%clk 0:00:06]} Kxc4 {[%clk 0:00:34]} 45. h4
{[%clk 0:00:04]} g4 {[%clk 0:00:34]} 46. Kc2 {[%clk 0:00:05]} Kd4
{[%clk 0:00:35]} 47. Kd2 {[%clk 0:00:06]} Kxe4 {[%clk 0:00:36]} 48. Ke2
{[%clk 0:00:08]} Ra3 {[%clk 0:00:37]} 49. Kf2 {[%clk 0:00:09]} Kd3
{[%clk 0:00:38]} 50. Ke1 {[%clk 0:00:04]} Kc2 {[%clk 0:00:37]} 51. Ke2
{[%clk 0:00:04]} Kb2 {[%clk 0:00:37]} 52. Rd1 {[%clk 0:00:05]} a1=Q
{[%clk 0:00:35]} 53. Rd2+ {[%clk 0:00:06]} Kc3 {[%clk 0:00:34]} 54. Rd3+
{[%clk 0:00:07]} Kc4 {[%clk 0:00:34]} 55. Rd2 {[%clk 0:00:08]} Qc3
{[%clk 0:00:32]} 0-1

[Event "Team Championship Russia (Blitz, Men)"]
[Site "Sochi"]
[Date "2018.10.10"]
[Round "9.13"]
[White "Artemiev, Vladislav"]
[Black "Bocharov, Ivan"]
[Result "0-1"]
[BlackElo "2667"]
[WhiteElo "2849"]
[LiveChessVersion "1.4.8"]

1. c4 {[%clk 0:03:02]} c6 {[%clk 0:03:04]} 2. e4 {[%clk 0:03:02]} d5
{[%clk 0:03:03]} 3. exd5 {[%clk 0:03:02]} cxd5 {[%clk 0:03:04]} 4. d4
{[%clk 0:03:02]} Nf6 {[%clk 0:03:04]} 5. Nc3 {[%clk 0:03:03]} Nc6
{[%clk 0:03:04]} 6. Bf4 {[%clk 0:03:03]} Bg4 {[%clk 0:02:48]} 7. Be2
{[%clk 0:03:03]} Bxe2 {[%clk 0:02:48]} 8. Ngxe2 {[%clk 0:03:04]} e6
{[%clk 0:02:29]} 9. c5 {[%clk 0:03:05]} Be7 {[%clk 0:02:25]} 10. b4
{[%clk 0:03:04]} Nxb4 {[%clk 0:02:14]} 11. Rb1 {[%clk 0:03:04]} Qa5
{[%clk 0:01:57]} 12. a3 {[%clk 0:02:59]} Nc6 {[%clk 0:01:22]} 13. Rxb7
{[%clk 0:02:59]} Ne4 {[%clk 0:01:16]} 14. Qa4 {[%clk 0:02:21]} Qxa4
{[%clk 0:00:59]} 15. Nxa4 {[%clk 0:02:22]} O-O {[%clk 0:00:40]} 16. f3
{[%clk 0:02:23]} Nf6 {[%clk 0:00:41]} 17. Kf2 {[%clk 0:02:24]} Rfc8
{[%clk 0:00:40]} 18. Nac3 {[%clk 0:02:01]} Kf8 {[%clk 0:00:39]} 19. Nb5
{[%clk 0:01:23]} a6 {[%clk 0:00:33]} 20. Nc7 {[%clk 0:01:16]} Ra7
{[%clk 0:00:34]} 21. Rxa7 {[%clk 0:01:14]} Nxa7 {[%clk 0:00:35]} 22. Nxa6
{[%clk 0:01:14]} Nd7 {[%clk 0:00:34]} 23. Rb1 {[%clk 0:01:08]} e5
{[%clk 0:00:34]} 24. Bxe5 {[%clk 0:00:52]} Nxe5 {[%clk 0:00:35]} 25. dxe5
{[%clk 0:00:53]} Bxc5+ {[%clk 0:00:34]} 26. Nxc5 {[%clk 0:00:54]} Rxc5
{[%clk 0:00:35]} 27. Rb8+ {[%clk 0:00:56]} Nc8 {[%clk 0:00:36]} 28. Nf4
{[%clk 0:00:49]} Ke7 {[%clk 0:00:34]} 29. Ke3 {[%clk 0:00:41]} g5
{[%clk 0:00:28]} 30. Rb7+ {[%clk 0:00:24]} Kf8 {[%clk 0:00:29]} 31. Nd3
{[%clk 0:00:20]} Rc4 {[%clk 0:00:26]} 32. Rb4 {[%clk 0:00:15]} Rc2
{[%clk 0:00:28]} 33. Rb2 Rc4 34. Rb4 {[%clk 0:00:12]} Rc2 {[%clk 0:00:31]} 35. a4
{[%clk 0:00:14]} Ne7 {[%clk 0:00:31]} 36. Rb2 {[%clk 0:00:14]} Nf5#
{[%clk 0:00:32]} 37. Kd4 0-1

[Event "Team Championship Russia (Blitz, Men)"]
[Site "Sochi"]
[Date "2018.10.10"]
[Round "9.15"]
[White "Timofeev, Artyom"]
[Black "Maletin, Pavel"]
[Result "1-0"]
[BlackElo "2637"]
[WhiteElo "2610"]
[LiveChessVersion "1.4.8"]

1. c4 {[%clk 0:03:03]} e5 {[%clk 0:03:03]} 2. d3 {[%clk 0:03:03]} Nf6
{[%clk 0:03:04]} 3. Nf3 {[%clk 0:03:03]} Nc6 {[%clk 0:03:05]} 4. Nc3
{[%clk 0:03:04]} d5 {[%clk 0:03:06]} 5. cxd5 Nxd5 {[%clk 0:03:06]} 6. e3
{[%clk 0:03:05]} Be7 {[%clk 0:03:07]} 7. Be2 {[%clk 0:03:06]} O-O
{[%clk 0:03:07]} 8. O-O Be6 9. a3 {[%clk 0:03:06]} a5 {[%clk 0:03:08]} 10. Qc2
{[%clk 0:03:06]} f5 {[%clk 0:03:09]} 11. Bd2 {[%clk 0:03:04]} Nb6
{[%clk 0:03:10]} 12. b3 {[%clk 0:03:05]} Bf6 {[%clk 0:03:11]} 13. Rab1
{[%clk 0:03:04]} Qe7 {[%clk 0:03:11]} 14. Bc1 {[%clk 0:03:04]} g5
{[%clk 0:03:10]} 15. Bb2 {[%clk 0:03:02]} g4 {[%clk 0:03:09]} 16. Nd2
{[%clk 0:03:03]} Rad8 {[%clk 0:03:09]} 17. Rfe1 {[%clk 0:03:02]} Qf7
{[%clk 0:03:08]} 18. Bf1 {[%clk 0:03:01]} Bg7 {[%clk 0:03:08]} 19. Nb5
{[%clk 0:02:47]} Rd7 {[%clk 0:03:00]} 20. Rbc1 {[%clk 0:02:34]} Kh8
{[%clk 0:02:58]} 21. d4 {[%clk 0:02:24]} f4 {[%clk 0:02:42]} 22. Nc4
{[%clk 0:02:06]} a4 {[%clk 0:01:56]} 23. Nxb6 {[%clk 0:01:52]} axb3
{[%clk 0:01:47]} 24. Nxd7 {[%clk 0:01:51]} bxc2 {[%clk 0:01:47]} 25. Nxf8
{[%clk 0:01:51]} Qxf8 {[%clk 0:01:48]} 26. Rxc2 {[%clk 0:01:51]} g3
{[%clk 0:01:37]} 27. hxg3 {[%clk 0:01:47]} fxg3 {[%clk 0:01:38]} 28. fxg3
{[%clk 0:01:36]} Qe7 {[%clk 0:01:35]} 29. Rd2 {[%clk 0:01:28]} Bg8
{[%clk 0:01:07]} 30. dxe5 {[%clk 0:01:19]} Bxe5 {[%clk 0:01:07]} 31. Bxe5+
{[%clk 0:00:36]} Qxe5 {[%clk 0:01:07]} 32. g4 {[%clk 0:00:37]} Qg3
{[%clk 0:01:05]} 33. Rf2 {[%clk 0:00:24]} Ne5 {[%clk 0:01:05]} 34. Be2
{[%clk 0:00:26]} Bd5 {[%clk 0:00:54]} 35. Ref1 {[%clk 0:00:18]} Qxe3
{[%clk 0:00:35]} 36. Nxc7 {[%clk 0:00:19]} Bc6 {[%clk 0:00:33]} 37. Kh2
{[%clk 0:00:16]} Qh6+ {[%clk 0:00:33]} 38. Kg1 {[%clk 0:00:17]} Qe3
{[%clk 0:00:35]} 39. Kh2 {[%clk 0:00:19]} Kg8 {[%clk 0:00:34]} 40. Rf8+
{[%clk 0:00:15]} Kg7 {[%clk 0:00:35]} 41. Ne6+ Kh6 42. g5+ {[%clk 0:00:13]} 1-0

[Event "Team Championship Russia (Blitz, Men)"]
[Site "Sochi"]
[Date "2018.10.10"]
[Round "9.16"]
[White "Khanin, Semen"]
[Black "Sharafiev, Azat"]
[Result "1-0"]
[BlackElo "2435"]
[WhiteElo "2545"]
[LiveChessVersion "1.4.8"]

1. e4 {[%clk 0:03:03]} Nc6 {[%clk 0:03:03]} 2. Nf3 {[%clk 0:03:04]} d6
{[%clk 0:03:04]} 3. d4 {[%clk 0:03:03]} Nf6 {[%clk 0:03:05]} 4. Nc3
{[%clk 0:03:01]} g6 {[%clk 0:03:06]} 5. Be2 {[%clk 0:02:59]} Bg7 {[%clk 0:03:07]}
6. O-O {[%clk 0:02:59]} O-O {[%clk 0:03:07]} 7. h3 {[%clk 0:03:00]} e5
{[%clk 0:03:08]} 8. Be3 {[%clk 0:03:01]} exd4 {[%clk 0:03:09]} 9. Nxd4
{[%clk 0:03:01]} Re8 {[%clk 0:03:10]} 10. Qd3 {[%clk 0:02:30]} Qe7
{[%clk 0:02:31]} 11. Nxc6 {[%clk 0:02:04]} bxc6 {[%clk 0:02:32]} 12. Bf3
{[%clk 0:01:42]} Nd7 {[%clk 0:02:29]} 13. Qd2 {[%clk 0:01:43]} Ba6
{[%clk 0:02:18]} 14. Rfe1 {[%clk 0:01:43]} Ne5 {[%clk 0:02:12]} 15. Be2
{[%clk 0:01:44]} Nc4 {[%clk 0:02:01]} 16. Bxc4 {[%clk 0:01:45]} Bxc4
{[%clk 0:02:02]} 17. Bd4 {[%clk 0:01:46]} c5 {[%clk 0:01:56]} 18. Bxg7
{[%clk 0:01:46]} Kxg7 {[%clk 0:01:57]} 19. b3 {[%clk 0:01:45]} Be6
{[%clk 0:01:57]} 20. f4 {[%clk 0:01:15]} Rad8 {[%clk 0:01:39]} 21. f5
{[%clk 0:01:12]} Bc8 {[%clk 0:01:26]} 22. Nd5 {[%clk 0:01:12]} Qe5
{[%clk 0:01:23]} 23. f6+ {[%clk 0:01:11]} Kh8 {[%clk 0:01:24]} 24. Nxc7
{[%clk 0:00:41]} Rg8 {[%clk 0:01:25]} 25. Nd5 {[%clk 0:00:41]} Bb7
{[%clk 0:01:18]} 26. Ne7 {[%clk 0:00:32]} Rge8 {[%clk 0:01:04]} 27. Rf1
{[%clk 0:00:33]} Qxe4 {[%clk 0:01:00]} 28. Rae1 {[%clk 0:00:33]} Qh4
{[%clk 0:00:36]} 29. Rf4 {[%clk 0:00:22]} Qg5 {[%clk 0:00:33]} 30. Qf2
{[%clk 0:00:22]} h5 {[%clk 0:00:24]} 31. h4 {[%clk 0:00:22]} Qh6 {[%clk 0:00:25]}
32. Qg3 {[%clk 0:00:16]} Kh7 {[%clk 0:00:22]} 33. Rf2 {[%clk 0:00:16]} Rd7
{[%clk 0:00:13]} 34. Rfe2 {[%clk 0:00:17]} Ba6 {[%clk 0:00:12]} 35. Nf5
{[%clk 0:00:16]} Rxe2 {[%clk 0:00:05]} 36. Nxh6 {[%clk 0:00:17]} Rxe1+
{[%clk 0:00:05]} 37. Qxe1 {[%clk 0:00:18]} Rd8 {[%clk 0:00:04]} 38. Qe7
{[%clk 0:00:17]} 1-0

[Event "Team Championship Russia (Blitz, Men)"]
[Site "Sochi"]
[Date "2018.10.10"]
[Round "9.17"]
[White "Rakhmanov, Aleksandr"]
[Black "Rozhko, Dmitry"]
[Result "1-0"]
[BlackElo "2218"]
[WhiteElo "2578"]
[LiveChessVersion "1.4.8"]

1. c4 {[%clk 0:03:02]} c6 {[%clk 0:03:04]} 2. d4 {[%clk 0:03:02]} d5
{[%clk 0:03:05]} 3. cxd5 {[%clk 0:03:03]} cxd5 {[%clk 0:03:06]} 4. Bf4
{[%clk 0:03:04]} Nc6 {[%clk 0:03:07]} 5. e3 {[%clk 0:03:05]} Nf6 {[%clk 0:03:08]}
6. Nc3 {[%clk 0:03:06]} Bf5 {[%clk 0:03:07]} 7. Qb3 {[%clk 0:03:07]} Qb6
{[%clk 0:03:00]} 8. Bb5 {[%clk 0:03:07]} e6 {[%clk 0:02:55]} 9. Nf3
{[%clk 0:03:08]} Be7 {[%clk 0:02:50]} 10. Ne5 {[%clk 0:03:08]} Rc8
{[%clk 0:02:41]} 11. O-O {[%clk 0:03:08]} O-O {[%clk 0:02:41]} 12. Na4
{[%clk 0:03:09]} Qa5 {[%clk 0:02:35]} 13. Bxc6 {[%clk 0:03:09]} bxc6
{[%clk 0:02:35]} 14. Rfc1 {[%clk 0:03:11]} Qb5 {[%clk 0:02:24]} 15. Nxc6
{[%clk 0:02:44]} Qxc6 {[%clk 0:02:13]} 16. Rxc6 {[%clk 0:02:44]} Rxc6
{[%clk 0:02:14]} 17. Qb7 {[%clk 0:02:22]} Rfc8 {[%clk 0:02:15]} 18. e4
{[%clk 0:02:22]} Nxe4 {[%clk 0:01:46]} 19. Qxe7 {[%clk 0:02:15]} Rc2
{[%clk 0:01:36]} 20. Rf1 {[%clk 0:02:00]} h6 {[%clk 0:01:35]} 21. Qxa7
{[%clk 0:01:50]} g5 {[%clk 0:01:36]} 22. Be3 {[%clk 0:01:51]} Nd6
{[%clk 0:01:26]} 23. Nc5 {[%clk 0:01:45]} Rxb2 {[%clk 0:01:08]} 24. Qd7
{[%clk 0:01:34]} Rb6 {[%clk 0:01:09]} 25. a4 {[%clk 0:01:35]} Ra8
{[%clk 0:01:01]} 26. a5 {[%clk 0:01:32]} Rxa5 {[%clk 0:00:58]} 27. Qd8+
{[%clk 0:01:33]} Kg7 {[%clk 0:00:59]} 28. Qxb6 {[%clk 0:01:33]} Ra2
{[%clk 0:01:00]} 29. Qxd6 {[%clk 0:01:33]} 1-0

[Event "Team Championship Russia (Blitz, Men)"]
[Site "Sochi"]
[Date "2018.10.10"]
[Round "9.18"]
[White "Tekeyev, Zaur"]
[Black "Rozum, Ivan"]
[Result "0-1"]
[BlackElo "2595"]
[WhiteElo "2301"]
[LiveChessVersion "1.4.8"]

1. e4 {[%clk 0:03:03]} c6 {[%clk 0:03:03]} 2. d4 {[%clk 0:03:04]} d5
{[%clk 0:03:04]} 3. Nd2 {[%clk 0:03:06]} dxe4 {[%clk 0:03:04]} 4. Nxe4
{[%clk 0:03:07]} Bf5 {[%clk 0:03:05]} 5. Ng3 {[%clk 0:03:08]} Bg6
{[%clk 0:03:06]} 6. Nh3 {[%clk 0:03:09]} e6 {[%clk 0:03:02]} 7. c3
{[%clk 0:03:10]} Bd6 {[%clk 0:02:59]} 8. Nf4 {[%clk 0:03:10]} Nf6
{[%clk 0:02:58]} 9. h4 {[%clk 0:03:10]} Bxf4 {[%clk 0:02:58]} 10. Bxf4
{[%clk 0:03:11]} h6 {[%clk 0:02:59]} 11. a4 {[%clk 0:03:09]} Nbd7
{[%clk 0:02:49]} 12. Be2 {[%clk 0:03:09]} O-O {[%clk 0:02:49]} 13. h5
{[%clk 0:03:09]} Bh7 {[%clk 0:02:50]} 14. a5 {[%clk 0:03:09]} Re8
{[%clk 0:02:48]} 15. O-O {[%clk 0:03:04]} Nd5 {[%clk 0:02:49]} 16. Bd2
{[%clk 0:03:05]} Qc7 {[%clk 0:02:49]} 17. Re1 {[%clk 0:02:39]} e5
{[%clk 0:02:47]} 18. dxe5 {[%clk 0:01:54]} Nxe5 {[%clk 0:02:47]} 19. c4
{[%clk 0:01:51]} Nf6 {[%clk 0:02:46]} 20. Qb3 {[%clk 0:01:42]} Neg4
{[%clk 0:02:09]} 21. Qf3 {[%clk 0:01:23]} Rad8 {[%clk 0:02:01]} 22. Bf4
{[%clk 0:01:22]} Qe7 {[%clk 0:02:02]} 23. a6 {[%clk 0:01:17]} bxa6
{[%clk 0:01:56]} 24. Qxc6 {[%clk 0:00:54]} Rd4 {[%clk 0:01:51]} 25. Bxg4
{[%clk 0:00:34]} Qxe1+ {[%clk 0:01:51]} 26. Rxe1 {[%clk 0:00:35]} Rxe1+
{[%clk 0:01:50]} 27. Nf1 Rxf4 {[%clk 0:01:43]} 28. Bd7 {[%clk 0:00:05]} Bd3
{[%clk 0:01:43]} 29. Qd6 {[%clk 0:00:05]} Rxf1+ 30. Kh2 Rh4+ {[%clk 0:01:11]} 31.
Kg3 {[%clk 0:00:08]} 0-1

[Event "Team Championship Russia (Blitz, Men)"]
[Site "Sochi"]
[Date "2018.10.10"]
[Round "9.19"]
[White "Moiseenko, Vadim"]
[Black "Kozak, Alexander"]
[Result "1-0"]
[BlackElo "2431"]
[WhiteElo "2421"]
[LiveChessVersion "1.4.8"]

1. Nf3 {[%clk 0:03:03]} f5 {[%clk 0:03:03]} 2. d3 {[%clk 0:03:04]} Nc6
{[%clk 0:03:02]} 3. d4 {[%clk 0:03:04]} d5 {[%clk 0:02:53]} 4. c4
{[%clk 0:03:03]} e6 {[%clk 0:02:54]} 5. Nc3 {[%clk 0:03:00]} Nf6 {[%clk 0:02:56]}
6. Bf4 {[%clk 0:03:00]} Bd6 {[%clk 0:02:56]} 7. Bxd6 {[%clk 0:03:00]} Qxd6
{[%clk 0:02:56]} 8. e3 {[%clk 0:03:01]} O-O {[%clk 0:02:55]} 9. Rc1
{[%clk 0:02:58]} Kh8 {[%clk 0:02:45]} 10. Be2 {[%clk 0:02:57]} a6
{[%clk 0:02:41]} 11. O-O {[%clk 0:02:52]} Bd7 {[%clk 0:02:41]} 12. Ne1
{[%clk 0:02:41]} Nd8 {[%clk 0:02:30]} 13. Nd3 {[%clk 0:02:40]} c6
{[%clk 0:02:24]} 14. Ne5 {[%clk 0:02:37]} Be8 {[%clk 0:02:25]} 15. Qb3
{[%clk 0:02:33]} g5 {[%clk 0:02:05]} 16. cxd5 {[%clk 0:01:46]} exd5
{[%clk 0:02:04]} 17. Qa3 {[%clk 0:01:42]} Qxa3 {[%clk 0:02:01]} 18. bxa3
{[%clk 0:01:44]} Nf7 {[%clk 0:01:50]} 19. Nxf7+ {[%clk 0:01:40]} Rxf7
{[%clk 0:01:48]} 20. Bd3 {[%clk 0:01:34]} Bd7 {[%clk 0:01:34]} 21. Rb1
{[%clk 0:01:31]} Bc8 {[%clk 0:01:23]} 22. a4 {[%clk 0:01:30]} a5 {[%clk 0:01:10]}
23. f3 {[%clk 0:01:13]} Re7 {[%clk 0:01:00]} 24. Kf2 {[%clk 0:01:13]} Kg7
{[%clk 0:00:59]} 25. Rb2 {[%clk 0:01:05]} Ne8 {[%clk 0:00:50]} 26. Nb1
{[%clk 0:01:00]} Nd6 {[%clk 0:00:49]} 27. Nd2 {[%clk 0:01:01]} Be6
{[%clk 0:00:40]} 28. Rc1 {[%clk 0:00:59]} Kf7 {[%clk 0:00:33]} 29. Rc5
{[%clk 0:00:57]} Bd7 {[%clk 0:00:24]} 30. Rb6 {[%clk 0:00:53]} Nc8
{[%clk 0:00:16]} 31. Rxb7 {[%clk 0:00:53]} Nd6 {[%clk 0:00:16]} 32. Rb6
{[%clk 0:00:48]} Rae8 {[%clk 0:00:15]} 33. Nf1 {[%clk 0:00:48]} Ra8
{[%clk 0:00:16]} 34. Ba6 {[%clk 0:00:36]} Ree8 {[%clk 0:00:17]} 35. Rxa5
{[%clk 0:00:34]} Ra7 {[%clk 0:00:16]} 36. Rc5 {[%clk 0:00:34]} Rea8
{[%clk 0:00:17]} 37. Bb5 {[%clk 0:00:33]} Nxb5 {[%clk 0:00:15]} 38. axb5
{[%clk 0:00:34]} Rxa2+ {[%clk 0:00:17]} 39. Kg3 {[%clk 0:00:35]} cxb5
{[%clk 0:00:16]} 40. Rxd5 {[%clk 0:00:35]} Be6 {[%clk 0:00:17]} 41. Rb7+
{[%clk 0:00:31]} Kf8 {[%clk 0:00:14]} 42. Re5 {[%clk 0:00:30]} Bc4
{[%clk 0:00:10]} 43. Rxf5+ Ke8 44. Rxg5 {[%clk 0:00:22]} Rc2 {[%clk 0:00:11]} 45.
Kf4 {[%clk 0:00:19]} b4 {[%clk 0:00:09]} 46. Rxb4 {[%clk 0:00:17]} Bxf1
{[%clk 0:00:10]} 47. Rg8+ {[%clk 0:00:18]} Kf7 {[%clk 0:00:11]} 48. Rxa8
{[%clk 0:00:18]} Bxg2 {[%clk 0:00:12]} 49. Ra7+ {[%clk 0:00:15]} Ke6
{[%clk 0:00:12]} 50. e4 {[%clk 0:00:14]} Kd5 1-0